Catalog

Record Details

Catalog Search



The home builders / written by Varsha Bajaj ; ... Read More

Bajaj, Varsha,(author.).
Mulazzani, Simona,(illustrator.).

Available copies

  • 2 of 2 copies available at LARL/NWRL Consortium.
  • 2 of 2 copies available at Northwest Regional Library. (Show preferred library)

Current holds

0 current holds with 2 total copies.

Show Only Available Copies
Location Call Number / Copy Notes Barcode Shelving Location Status Due Date
Hallock Public Library e BAJ (Text) 35500006130353 Main Available -
Karlstad LINK Site e BAJ (Text) 35500006806267 Main Available -

Record details

  • ISBN: 9780399166853 (hardcover : alk. paper)
  • ISBN: 0399166858 (hardcover : alk. paper)
  • Physical Description: 1 volume (unpaged) : color illustrations ; 29 cm
  • Publisher: New York, NY : Nancy Paulsen Books, [2019]

Content descriptions

Summary, etc.:
Various woodland creatures make their homes and ... Read More
Subject: Stories in rhyme.
Animals > Habitations > Fiction.
Familial behavior in animals > Fiction.
Animals > Infancy > Fiction.
Forest animals > Fiction.
LDR 01255nam a2200361Ii 4500
001309689
003LARL_NWRL_CONSORTIUM
00520190212105557.0
008190207s2019 nyua a 000 1 eng
010 . ‡a 2018019374
040 . ‡aDLC ‡beng ‡erda ‡cFMG ‡dFMG ‡dNRG
020 . ‡a9780399166853 (hardcover : alk. paper)
020 . ‡a0399166858 (hardcover : alk. paper)
035 . ‡a(OCoLC)1035818119 ‡z(OCoLC)1084729195
08200. ‡a[E] ‡223
049 . ‡aNRGA
1001 . ‡aBajaj, Varsha, ‡eauthor. ‡0(LARL_NWRL_CONSORTIUM)190719
24514. ‡aThe home builders / ‡cwritten by Varsha Bajaj ; illustrated by Simona Mulazzani.
264 1. ‡aNew York, NY : ‡bNancy Paulsen Books, ‡c[2019]
300 . ‡a1 volume (unpaged) : ‡bcolor illustrations ; ‡c29 cm
336 . ‡atext ‡btxt ‡2rdacontent
336 . ‡astill image ‡bsti ‡2rdacontent
337 . ‡aunmediated ‡bn ‡2rdamedia
338 . ‡avolume ‡bnc ‡2rdacarrier
520 . ‡aVarious woodland creatures make their homes and prepare for their young.
650 1. ‡aStories in rhyme. ‡0(LARL_NWRL_CONSORTIUM)162453
650 1. ‡aAnimals ‡xHabitations ‡vFiction.
650 1. ‡aFamilial behavior in animals ‡vFiction.
650 1. ‡aAnimals ‡xInfancy ‡vFiction.
650 1. ‡aForest animals ‡vFiction.
7001 . ‡aMulazzani, Simona, ‡eillustrator.
905 . ‡ubacont
901 . ‡a309689 ‡b ‡c309689 ‡tbiblio ‡soclc

Additional Resources